000 00695nmc a2200277 a 4500
003 AR-BaBNM
005 20251128202707.0
008 085020s1981 ||||||||||||||000 | spa||
040 _cAR-BaBNM
245 1 0 _aPiaget en el aula
260 _aBuenos Aires
_bHuemul
_c1981
300 0 _a357 p.
490 0 _aPadres y educadores
650 4 _aPROCESO COGNOSCITIVO
650 4 _aAPRENDIZAJE
650 4 _aPSICOLOGIA GENETICA
650 4 _aDESARROLLO DEL NINO
650 4 _aPENSAMIENTO
650 4 _aLENGUAJE
650 4 _aDIDACTICA
700 1 _aSchwebel, Milton
_ecompilador
700 1 _aRaph, Jane
_ecompilador
800 1 _aRey, Rosa MarĂ­a
942 _cBK
998 _cme-solo cat
999 _c155
_d155